Представление документа в формате MARC21

Поле Инд. ПП Название Значение
Тип записи a
Библиографический уровень m
001 Контрольный номер 4c4803fb-1339-4525-9d7e-0be2bf89d77d
005 Дата корректировки 20200629102406.3
008 Кодируемые данные 000208 d
020 a ISBN 5-87214-018-5
c Цена, тираж 1 950-00; 5625-00
040 a Служба первич. каталог. НБ ТвГУ
041 0_ a Код языка текста rus
080 a Индекс УДК 938(092)
a Индекс УДК 929Александр Македонский
084 a Индекс другой классификации/Индекс ББК Т3(0)322.0
090 x Авторский знак А 84
a Полочн. индекс Т3(0)32
100 1_ a Автор Арриан Флавий
q Полное имя Арриан
245 10 a Заглавие Поход Александра
b Продолж. заглавия [об Александре Македонском : перевод]
c Ответственность [вступ. ст. О. О. Крюгера]
260 0_ a Место издания Москва
b Издательство МИФ
c Дата издания 1993
300 a Объем 270, [1] с.
b Иллюстрации/ тип воспроизводства ил., карт.
650 04 a Основная рубрика Александр Македонский, о нем
650 04 a Основная рубрика Македония древняя
650 04 a Основная рубрика Греция Древняя
x Основная подрубрика История
653 0_ a Ключевые слова Александр Македонский
a Ключевые слова Древняя Греция
a Ключевые слова История Древней Греции
a Ключевые слова История Македонии
a Ключевые слова Македония
a Ключевые слова Древняя Македония
a Ключевые слова Персоналии
700 1_ a Другие авторы Крюгер Отто Оскарович
e Роль лиц вступ. ст.
852 41 t Порядковый номер экземпляра 2
p Инвентарный номер 660098
p Инвентарный номер 662406
852 41 t Порядковый номер экземпляра 1
p Инвентарный номер 660099
901 t Тип документа m
920 a Оператор Петр
a Оператор Прокоф
930 a Новая/Ретро персоналии
952 c Вид литературы К рн
954 a Дата поступления на обработку 29.05.95
999 a Подразделение 2 аб.
a Подразделение 2 ч.з.